000 00464nam a2200169Ia 4500
003 OSt
005 20260307102725.0
008 211028s2010 xx 000 0 und d
040 _cAIMIT LIBRARY
041 _aeng
100 _aD' Souza, Preetam;Nausheeda.
_g71741
_93221
110 _aBharathi Pilar
_93222
245 _aSMS based consultancy management system /
260 _aMangalore
_c2010
710 _aQuest Innovative Solutions
_93223
942 _2ddc
_cPRO
999 _c217159
_d217159